00503nam a22001697a 45000050016000000100014000160200026000300350013000560370013000690820008000821000034000902450061001242600052001852700048002373000029002855000019003142010072608168.0 aENG-96893 a9788190904117c325.00 aEN-80426 bDBAD/PUB a572 aVelanganni, A. Anthony Joseph aClinical biochemistry /cby A. Anthony Joseph Velanganni aTamil NadubAnnai Vailankanni Publicationc2009 aR.S. Road, Thamaraipadi, bDindigule624005 a463p.bill.c21cm, (pbk) aincludes index